Dirección de instituciones sin fines de lucro : teoría y práctica /
Saved in:
| Main Author: | |
|---|---|
| Format: | Book |
| Language: | Spanish English |
| Published: |
Buenos Aires :
El Ateneo,
1997.
|
| Edition: | 3a ed. |
| Subjects: |
| LEADER | 00989cam a2200301 a 4500 | ||
|---|---|---|---|
| 001 | 000432377 | ||
| 003 | AR-BeUNQ | ||
| 005 | 20230711115732.0 | ||
| 007 | ta | ||
| 008 | 230530s1997 ag gr 001 0 spa | ||
| 999 | |c 30081 |d 113881 | ||
| 015 | |a AR-1992 | ||
| 020 | |a 950023615X | ||
| 040 | |a AR-BaBN |b spa |c AR-BaBN |e aacr |d AR-BeUNQ | ||
| 041 | 1 | |a spa |h eng | |
| 044 | |a ag |c ar-c | ||
| 082 | |a 658.048 |2 21 | ||
| 100 | 1 | |a Drucker, Peter F. |q (Peter Ferdinand), |d 1909-2005 |e aut. |4 auth | |
| 240 | 1 | 0 | |a Managing the non-profit organization. |l Español |
| 245 | 1 | 0 | |a Dirección de instituciones sin fines de lucro : |b teoría y práctica / |c Peter F. Drucker |
| 250 | |a 3a ed. | ||
| 260 | |a Buenos Aires : |b El Ateneo, |c 1997. | ||
| 300 | |a 216 p. ; |c 23 cm. | ||
| 500 | |3 Traducido por: Zoraida J. Valcárcel. | ||
| 650 | 7 | |a Organización sin fines de lucro |2 toit | |
| 650 | 7 | |a Asociación |2 toit | |
| 929 | |a DONACION |b Mauricio Sánchez |d 300,00 |e 20180507 |f PAT0069667 |g 3364 |h 1 |j 60914 | ||
| 942 | |c LIB |n 0 | ||